| 000 | 00463nam a22001817a 4500 | ||
|---|---|---|---|
| 003 | OSt | ||
| 005 | 20190204172750.0 | ||
| 008 | 180404b xxu||||| |||| 00| 0 eng d | ||
| 040 | _cBT-PhCST | ||
| 050 | _a1227 | ||
| 082 |
_222 _a621.31042 _bSAT |
||
| 100 | _aSatnam, P. S. | ||
| 245 | _aSub-station design and equipment / | ||
| 260 |
_aNew Delhi : _bDhanpat Rai & Sons, _c1979. |
||
| 300 |
_a298 p. : _bill. ; _c23 cm. |
||
| 700 | _aGupta, P. V. | ||
| 942 |
_2ddc _cEE |
||
| 999 |
_c6872 _d6872 |
||